Narodowości skoczków narciarskich #4 - Statystyki

Ogólne statystyki
  • Ten quiz został rozwiązany 101 razy
  • Średni wynik to 14 z 15
Statystyki odpowiedzi
Zagadnienie Odpowiedź % Poprawnych
Który kraj na arenie międzynarodowej reprezentuje Vincent Descombes Sevoie? Francja
100%
Który kraj na arenie międzynarodowej reprezentuje Takanobu Okabe? Japonia
100%
Który kraj na arenie międzynarodowej reprezentuje Stefan Hula? Polska
100%
Który kraj na arenie międzynarodowej reprezentuje Thomas Morgenstern? Austria
97%
Który kraj na arenie międzynarodowej reprezentuje Matti Hautamäki? Finlandia
97%
Który kraj na arenie międzynarodowej reprezentuje Richard Freitag? Niemcy
97%
Który kraj na arenie międzynarodowej reprezentuje Martin Koch? Austria
94%
Który kraj na arenie międzynarodowej reprezentuje Jakub Janda? Czechy
94%
Który kraj na arenie międzynarodowej reprezentuje Andreas Stjernen? Norwegia
94%
Który kraj na arenie międzynarodowej reprezentuje Dmitrij Wasiljew? Rosja
90%
Który kraj na arenie międzynarodowej reprezentuje Alex Insam? Włochy
90%
Który kraj na arenie międzynarodowej reprezentuje Ville Larinto? Finlandia
84%
Który kraj na arenie międzynarodowej reprezentuje Andreas Wank? Niemcy
84%
Który kraj na arenie międzynarodowej reprezentuje Tom Hilde? Norwegia
77%
Który kraj na arenie międzynarodowej reprezentuje Kenneth Gangnes? Norwegia
74%
Nie znaleziono quizów pasujących do podanych kryteriów
Rozkład punktacji
Procent ludzi z każdym wynikiem
Percentyl według liczby udzielonych odpowiedzi
Twoja historia wyników
Nie rozwiązałeś tego quizu